01454nam a2200337 a 4500001001000000003000500010005001700015008004100032010001100073011001100084040000900095090001000104100003600114245015500150260004100305500006000346502006900406590004100475590004000516590004000556650005500596650003900651650003800690856007000728901000700798942001000805942000600815999001900821952014000840952013600980000110099CHAP20220329144118.0140723s2014 mx sm |||||||spa d a106561 a107533 cCHAP aTesis00aJoaquín Torres, José96172910aCaracterización morfológica y poscosecha de ocho líneas de chile manzano (capsicum pubescens r y p )h[En línea]cpor José Joaquín Torres. aChapingo, Méx. :bEl autor,c2014. aPara ver el contenido del material haga clic en la liga aTesis (M.C. en Horticultura) -- UACH. Departamento de Fitotecnia aBATCH-UPDb05c20141002lUCH01h0905 aE5765TAJb05c20140723lUCH01h0934 aE5765TAJb05c20140723lUCH01h112014aChile manzanoxFisiología y morfología.92245514aChile manzanoxPostcosecha.92246314aChile manzanoxVariedades.922468 aFinding aiduhttp://10.13.5.2/tesis/sist110099.pdfzTeclea aquí aBK cTESIS n0 c106561d106561 00102local4053708TESISaBCbBCcPA_TESISd2014-07-23fTESISl0oTesisp33724002415686r2019-12-31 00:00:00tc.2w2019-12-31yTESIS 00104054718TESISaBCbBCd2014-07-23fTESISl0oTesisp33724002415728r2019-12-31 00:00:00w2019-12-31yTESISzRecien adquirido